Normal view MARC view
  • Southwell, R.V

Entry Personal Name

Number of records used in: 2

001 - CONTROL NUMBER

  • control field: 39095

003 - CONTROL NUMBER IDENTIFIER

  • control field: NUST

005 - DATE AND TIME OF LATEST TRANSACTION

  • control field: 20210314131336.0

008 - FIXED-LENGTH DATA ELEMENTS

  • fixed length control field: 210314|| aca||aabn | a|a d

040 ## - CATALOGING SOURCE

  • Original cataloging agency: NUST
  • Transcribing agency: NUST

100 ## - HEADING--PERSONAL NAME

  • Personal name: Southwell, R.V

670 ## - SOURCE DATA FOUND

  • Source citation: Work cat.: (NUST): Southwell, R.V, Relexation Methods in The Engineering Science series, c 1949.
© 2023 Central Library, National University of Sciences and Technology. All Rights Reserved.